[Event "34th ECC Open 2018"]
[White "Sylvan, Jacob"]
[Black "Markgraf, Alexander"]
[Site "Porto Carras GRE"]
[Round "1.10"]
[Annotator ""]
[Result "1/2-1/2"]
[Date "2018.10.12"]
[WhiteElo "2336"]
[BlackElo "2502"]
[PlyCount "61"]

1. e4 c5 2. Nf3 d6 3. d4 cxd4 4. Nxd4 Nf6 5. Nc3 Nc6 6. Bg5 e6 7. Qd2 a6 8. 0-0-0 h6 9. Bh4 Nxe4 10. Qf4 g5 11. Nxc6 bxc6 12. Nxe4 gxf4 13. Bxd8 Kxd8 14. Nxd6 Bxd6 15. Rxd6+ Kc7 16. Rd2 Bb7 17. Bc4 Rad8 18. b4 c5 19. bxc5 Rxd2 20. Kxd2 Rg8 21. Rg1 Rg5 22. g3 Rxc5 23. Bd3 Rh5 24. h4 fxg3 25. fxg3 Ra5 26. g4 Ra4 27. Rf1 f5 28. gxf5 exf5 29. Rxf5 Rxh4 30. Rf7+ Kb6 31. Rf6+ 1/2-1/2

[Event "34th ECC Open 2018"]
[White "Zumsande, Martin"]
[Black "Hove, Esben Kjems"]
[Site "Porto Carras GRE"]
[Round "1.10"]
[Annotator ""]
[Result "1-0"]
[Date "2018.10.12"]
[WhiteElo "2492"]
[BlackElo "2286"]
[PlyCount "63"]

1. e4 c6 2. d4 d5 3. exd5 cxd5 4. Bd3 Nc6 5. c3 g6 6. Bf4 Bg7 7. Nf3 Nf6 8. 0-0 0-0 9. Re1 Nh5 10. Be3 Qc7 11. Nbd2 Nf4 12. Bf1 Nh5 13. h3 f5 14. Nb3 f4 15. Bd2 Qd6 16. c4 dxc4 17. Bxc4+ e6 18. Re4 Nd8 19. Qe1 Nf6 20. Rxf4 Bd7 21. Ne5 Nd5 22. Rxf8+ Bxf8 23. Nc5 Bc6 24. Ne4 Qc7 25. Rc1 Bg7 26. Bg5 Qb6 27. Qd2 Nf7 28. Bxd5 Bxd5 29. Nf6+ Bxf6 30. Bxf6 Qd6 31. Nxf7 Kxf7 32. Be5 1-0

[Event "34th ECC Open 2018"]
[White "Ejsing, Esben"]
[Black "Grigorian, Spartak"]
[Site "Porto Carras GRE"]
[Round "1.10"]
[Annotator ""]
[Result "0-1"]
[Date "2018.10.12"]
[WhiteElo "2154"]
[BlackElo "2347"]
[PlyCount "70"]

1. Nf3 d5 2. e3 Nf6 3. b3 c5 4. Bb2 e6 5. Be2 Nc6 6. d4 Bd6 7. 0-0 0-0 8. c4 b6 9. Nc3 Bb7 10. cxd5 exd5 11. Rc1 Ne4 12. Nxd5 Nxd4 13. Nxd4 Be5 14. f4 Bxd4 15. exd4 Qxd5 16. Bc4 Qf5 17. d5 Rad8 18. Be5 b5 19. Bd3 Bxd5 20. Rxc5 Qe6 21. Rxb5 Qc6 22. Qe2 Nd6 23. Bxh7+ Kxh7 24. Qh5+ Kg8 25. Bxg7 Kxg7 26. Qg5+ Kh7 27. Qh5+ Kg7 28. Rxd5 f5 29. Rfd1 Ne4 30. Rxd8 Rxd8 31. h3 Rxd1+ 32. Qxd1 Kg6 33. Qf3 a5 34. Kh2 Qc1 35. g4 Qb2+ 0-1

[Event "34th ECC Open 2018"]
[White "Meins, Gerlef"]
[Black "Noer, Martin Stampe"]
[Site "Porto Carras GRE"]
[Round "1.10"]
[Annotator ""]
[Result "1-0"]
[Date "2018.10.12"]
[WhiteElo "2408"]
[BlackElo "1863"]
[PlyCount "93"]

1. Nf3 d5 2. g3 Nf6 3. Bg2 c5 4. 0-0 Nc6 5. d4 e6 6. c4 cxd4 7. Nxd4 Bc5 8. Nb3 Bb6 9. cxd5 Nxd5 10. Na3 0-0 11. Nc4 Bc7 12. Ne3 Nxe3 13. Bxe3 e5 14. Rc1 Qf6 15. Nc5 Rd8 16. Qa4 Rb8 17. Nxb7 Bxb7 18. Bxc6 Bb6 19. Bxb6 axb6 20. Bxb7 Rxb7 21. Rfd1 Rxd1+ 22. Rxd1 Rb8 23. Qd7 h5 24. Qd6 Qxd6 25. Rxd6 Kf8 26. Rd5 f6 27. Rb5 Ke7 28. a4 Ra8 29. b3 Ra6 30. f4 exf4 31. gxf4 g6 32. e4 Kd6 33. h4 Kc6 34. f5 Ra8 35. fxg6 Rg8 36. Kf2 Rxg6 37. Rxh5 Rg4 38. Kf3 Rg6 39. Rf5 Kd6 40. h5 Rh6 41. Kf4 Kd7 42. e5 fxe5+ 43. Rxe5 Rf6+ 44. Kg5 Rf3 45. h6 Rxb3 46. h7 Rh3 47. Kg6 1-0

[Event "34th ECC Open 2018"]
[White "Werle, Jan"]
[Black "Andersen, Mads"]
[Site "Porto Carras GRE"]
[Round "2.10"]
[Annotator ""]
[Result "1/2-1/2"]
[Date "2018.10.13"]
[WhiteElo "2527"]
[BlackElo "2597"]
[PlyCount "67"]

1. d4 Nf6 2. c4 g6 3. Nc3 d5 4. cxd5 Nxd5 5. e4 Nxc3 6. bxc3 Bg7 7. Nf3 c5 8. Be3 Qa5 9. Qd2 0-0 10. Rb1 b6 11. Rb5 Qa4 12. Rb3 Ba6 13. Bxa6 Qxa6 14. Qe2 Rc8 15. Qxa6 Nxa6 16. Kd2 e6 17. Rhb1 cxd4 18. cxd4 Rc4 19. Ra3 Nb4 20. Rc3 Rxc3 21. Kxc3 Nc6 22. Kc4 Rd8 23. g4 f5 24. gxf5 gxf5 25. exf5 exf5 26. Rg1 Kf8 27. Rg5 Ne7 28. Rh5 Kg8 29. a4 a6 30. Bg5 Rc8+ 31. Kd3 Nc6 32. Bd2 Rd8 33. Bc3 Rd5 34. Kc4 1/2-1/2

[Event "34th ECC Open 2018"]
[White "Chanda, Sandipan"]
[Black "Babula, Vlastimil"]
[Site "Porto Carras GRE"]
[Round "2.10"]
[Annotator ""]
[Result "1-0"]
[Date "2018.10.13"]
[WhiteElo "2535"]
[BlackElo "2522"]
[PlyCount "79"]

1. d4 Nf6 2. c4 e6 3. Nc3 Bb4 4. e3 0-0 5. Bd2 d5 6. Nf3 b6 7. cxd5 exd5 8. Rc1 Bb7 9. Bd3 Be7 10. 0-0 c5 11. Ne5 Nc6 12. Be1 g6 13. Qa4 Nxe5 14. dxe5 Nd7 15. f4 c4 16. Be2 Nc5 17. Qd1 f6 18. e4 Nd3 19. Bxd3 cxd3 20. Qxd3 dxe4 21. Qc4+ Kh8 22. Bf2 fxe5 23. Rfd1 Qc8 24. Qxc8 Bxc8 25. Nd5 Bd8 26. fxe5 Be6 27. Be3 Rc8 28. Rxc8 Bxc8 29. Bh6 Rf7 30. Nf6 Be7 31. Nxe4 Bg4 32. Rc1 Kg8 33. h3 Bf5 34. g4 Bxe4 35. Rc8+ Rf8 36. Bxf8 Bxf8 37. e6 Kg7 38. Rc7+ Kf6 39. Rf7+ Kxe6 40. Rxf8 1-0

[Event "34th ECC Open 2018"]
[White "Markgraf, Alexander"]
[Black "Naumann, Alexander"]
[Site "Porto Carras GRE"]
[Round "2.10"]
[Annotator ""]
[Result "1/2-1/2"]
[Date "2018.10.13"]
[WhiteElo "2502"]
[BlackElo "2546"]
[PlyCount "61"]

1. e4 e5 2. Nf3 Nc6 3. Bb5 a6 4. Ba4 Nf6 5. 0-0 Nxe4 6. d4 b5 7. Bb3 d5 8. dxe5 Be6 9. c3 Bc5 10. Qe2 0-0 11. Be3 Qe7 12. Nbd2 Bxe3 13. Qxe3 Nxd2 14. Nxd2 Rad8 15. Bc2 f6 16. exf6 Qxf6 17. Nf3 Bf5 18. Bxf5 Qxf5 19. Rfe1 Rd6 20. Rad1 Qf4 21. Qxf4 Rxf4 22. Re8+ Rf8 23. Rde1 d4 24. cxd4 Nxd4 25. Nxd4 Rxd4 26. R8e7 Rf7 27. Re8+ Rf8 28. R8e7 Rf7 29. Re8+ Rf8 30. R8e7 Rf7 31. Re8+ 1/2-1/2

[Event "34th ECC Open 2018"]
[White "Wegerle, Joerg"]
[Black "Zumsande, Martin"]
[Site "Porto Carras GRE"]
[Round "2.10"]
[Annotator ""]
[Result "1/2-1/2"]
[Date "2018.10.13"]
[WhiteElo "2405"]
[BlackElo "2492"]
[PlyCount "61"]

1. d4 d5 2. Nf3 Nf6 3. c4 c6 4. Nc3 a6 5. cxd5 cxd5 6. Bf4 Nc6 7. Rc1 Bf5 8. a3 e6 9. e3 Bd6 10. Bxd6 Qxd6 11. Bd3 Bxd3 12. Qxd3 0-0 13. 0-0 b5 14. a4 bxa4 15. Nxa4 Rfb8 16. Qc3 Nb4 17. Ne5 Nd7 18. Nxd7 Qxd7 19. Qa3 Qb5 20. Rc5 Qe2 21. Rc7 a5 22. Nc5 Na6 23. Nxa6 Qxa6 24. Qe7 Rf8 25. h3 Rab8 26. Ra7 Qe2 27. Rxa5 Rxb2 28. Ra7 h6 29. Rd7 Qc2 30. Rd8 Rxd8 31. Qxd8+ 1/2-1/2

[Event "34th ECC Open 2018"]
[White "Grigorian, Spartak"]
[Black "Berg, Michael"]
[Site "Porto Carras GRE"]
[Round "2.10"]
[Annotator ""]
[Result "1-0"]
[Date "2018.10.13"]
[WhiteElo "2347"]
[BlackElo "2331"]
[PlyCount "135"]

1. d4 Nf6 2. Nf3 g6 3. g3 Bg7 4. Bg2 0-0 5. 0-0 c5 6. dxc5 Na6 7. Be3 Ne4 8. Bd4 Nexc5 9. Bxg7 Kxg7 10. Qd4+ f6 11. c4 b6 12. Nc3 Bb7 13. Rfd1 d6 14. Rac1 Qd7 15. Nd5 Nc7 16. b4 N5a6 17. Nxc7 Nxc7 18. c5 bxc5 19. bxc5 Rac8 20. cxd6 Nb5 21. Qa4 exd6 22. Qb4 Rxc1 23. Rxc1 Rc8 24. Rb1 Rc5 25. a4 Bxf3 26. Bxf3 Nc3 27. Rb3 Nxa4 28. Qb8 Nb6 29. Ra3 Rc7 30. h4 h5 31. Kg2 d5 32. Ra5 Rb7 33. Qf4 Qe7 34. g4 hxg4 35. Qxg4 Qe5 36. Rc5 Qd6 37. Rc3 Qe5 38. Re3 Qf5 39. Qxf5 gxf5 40. Ra3 f4 41. Ra5 Rd7 42. Bg4 Re7 43. Kf3 Nc4 44. Rxd5 Ne5+ 45. Kxf4 Nxg4 46. Kxg4 Rxe2 47. Rd7+ Kg6 48. h5+ Kh6 49. f4 Rh2 50. Kf5 Rxh5+ 51. Kxf6 Ra5 52. Rd6 Kh5 53. f5 Rb5 54. Rd1 Rb6+ 55. Kg7 Rb7+ 56. Kf6 Rb6+ 57. Ke5 Rb5+ 58. Ke6 Rb6+ 59. Rd6 Rb1 60. Ke7 Rb7+ 61. Rd7 Rb5 62. f6 Re5+ 63. Kf8 Kg6 64. f7 Kh7 65. Rd4 Rf5 66. Rd1 Rf2 67. Rh1+ Kg6 68. Kg8 1-0

[Event "34th ECC Open 2018"]
[White "Gupta, Milon"]
[Black "Richter, Christian"]
[Site "Porto Carras GRE"]
[Round "2.10"]
[Annotator ""]
[Result "0-1"]
[Date "2018.10.13"]
[WhiteElo "2206"]
[BlackElo "2356"]
[PlyCount "268"]

1. Nf3 Nf6 2. c4 g6 3. b3 Bg7 4. Bb2 0-0 5. g3 d6 6. d4 c6 7. Bg2 Bf5 8. 0-0 d5 9. Nbd2 Ne4 10. Nh4 Nxd2 11. Qxd2 Be6 12. Rac1 Qb6 13. Ba1 Rd8 14. Rfd1 Nd7 15. e4 dxe4 16. Bxe4 Bg4 17. Bf3 Bxf3 18. Nxf3 Nf8 19. Qe2 Qc7 20. Rc2 Rd7 21. Rcd2 Rad8 22. Bb2 Qa5 23. Ba1 Ne6 24. Kg2 Qh5 25. Qe4 Ng5 26. Nxg5 Qxg5 27. Bc3 e6 28. Qf3 Rc8 29. h4 Qd8 30. Qe3 h5 31. Rd3 Qb6 32. Qd2 Qa6 33. a4 Rcd8 34. Ba5 Rc8 35. Bc3 Rcd8 36. Ba5 b6 37. Bc3 Qb7 38. Kg1 Rd6 39. Qe3 R6d7 40. Bb4 Qa8 41. Ba3 Qc8 42. Qe4 Qb7 43. Kh2 a6 44. Bc1 b5 45. axb5 axb5 46. Bg5 bxc4 47. bxc4 Rc8 48. R3d2 Qb4 49. Qe2 Qa5 50. Qf3 Qa4 51. Qe2 Qa6 52. Kg2 Rb8 53. Be3 Rb4 54. Rc2 Ra4 55. Qf3 Rxc4 56. Rxc4 Qxc4 57. Rc1 Qd5 58. Rxc6 Qxf3+ 59. Kxf3 Bxd4 60. Bxd4 Rxd4 61. Ke3 Ra4 62. Rc5 Kg7 63. Rb5 Ra2 64. Kf3 Kf6 65. Rc5 Rb2 66. Ra5 Rc2 67. Rb5 Ra2 68. Rc5 e5 69. Rb5 Kf5 70. Rb7 Ra3+ 71. Kg2 f6 72. Rf7 Ra2 73. Rf8 Rd2 74. Rf7 Ke6 75. Rg7 Kf5 76. Rf7 Rc2 77. Rf8 Rb2 78. Rf7 Rd2 79. Rf8 Ke6 80. Kf3 Rd7 81. Rg8 Kf7 82. Ra8 Rd4 83. Ra7+ Ke6 84. Rg7 Kf5 85. Rf7 Rd8 86. Kg2 Rc8 87. Kf3 Ra8 88. Kg2 g5 89. hxg5 Kxg5 90. Rg7+ Kf5 91. Rh7 Kg6 92. Re7 Ra3 93. Re8 Rb3 94. Rg8+ Kh7 95. Rf8 Kg7 96. Re8 Rc3 97. Re7+ Kg6 98. Re8 Rc4 99. Kf3 Rb4 100. Re7 Rg4 101. Re8 Rb4 102. Re7 Ra4 103. Re8 Ra3+ 104. Kg2 Ra7 105. Kf3 Rh7 106. Rg8+ Kf7 107. Ra8 Ke6 108. Ra6+ Kf5 109. Ra5 Rh8 110. Rb5 Ra8 111. Rb7 Rh8 112. Rb5 h4 113. gxh4 Rxh4 114. Ra5 Rh3+ 115. Ke2 Rb3 116. Rc5 Ra3 117. Rb5 Kf4 118. Rb4+ e4 119. Rb6 Ke5 120. Rb5+ Kf4 121. Rb6 f5 122. Rb5 Kg4 123. Rb4 Ra1 124. f3+ Kg3 125. fxe4 f4 126. Rb8 f3+ 127. Ke3 Re1+ 128. Kd4 f2 129. Rg8+ Kh4 130. Rf8 f1=Q 131. Rxf1 Rxf1 132. Ke5 Kg5 133. Kd6 Rd1+ 134. Ke6 Kf4 0-1

[Event "34th ECC Open 2018"]
[White "Ding, Liren"]
[Black "Werle, Jan"]
[Site "Porto Carras GRE"]
[Round "3.2"]
[Annotator ""]
[Result "1/2-1/2"]
[Date "2018.10.14"]
[WhiteElo "2804"]
[BlackElo "2527"]
[PlyCount "64"]

1. c4 e6 2. Nc3 d5 3. d4 Nf6 4. cxd5 Nxd5 5. e4 Nxc3 6. bxc3 c5 7. Rb1 cxd4 8. cxd4 Be7 9. Nf3 0-0 10. Bc4 Nd7 11. 0-0 Nf6 12. Bd3 b6 13. Qe2 Bb7 14. e5 Ne8 15. h4 g6 16. Rd1 Ng7 17. Ng5 Rc8 18. Be3 Rc7 19. a4 Bd5 20. Rbc1 Rxc1 21. Rxc1 Qa8 22. Qg4 Rc8 23. Rxc8+ Qxc8 24. Kh2 Qe8 25. h5 Nxh5 26. Nxh7 Kxh7 27. Qxh5+ Kg8 28. Qg4 Kg7 29. Qh3 Qh8 30. Qxh8+ Kxh8 31. Bb5 Kg7 32. g4 g5 1/2-1/2

[Event "34th ECC Open 2018"]
[White "Babula, Vlastimil"]
[Black "Yu, Yangyi"]
[Site "Porto Carras GRE"]
[Round "3.2"]
[Annotator ""]
[Result "1/2-1/2"]
[Date "2018.10.14"]
[WhiteElo "2522"]
[BlackElo "2765"]
[PlyCount "94"]

1. d4 Nf6 2. c4 e6 3. Nc3 Bb4 4. e3 c5 5. Nge2 cxd4 6. exd4 0-0 7. a3 Be7 8. Nf4 d5 9. cxd5 Nxd5 10. Ncxd5 exd5 11. Bd3 Nc6 12. 0-0 Bf6 13. Be3 g6 14. Rc1 Qd6 15. Rc5 Be6 16. Nxe6 Qxe6 17. Bb5 Rac8 18. Re1 Rfe8 19. Bd2 Qd7 20. Rxe8+ Qxe8 21. Be3 Qe6 22. h3 Ne7 23. Rxc8+ Qxc8 24. g4 Qc7 25. Ba4 Qb6 26. Bb3 a5 27. Qd3 h6 28. a4 Bg5 29. f4 Bf6 30. Kg2 g5 31. f5 Kg7 32. Qb5 Qc7 33. Qd3 Nc6 34. Qc3 Qd8 35. Bf2 Nb4 36. Bd1 Qe8 37. Qe3 Qe4+ 38. Qxe4 dxe4 39. Bb3 Nd3 40. Bc2 Nxb2 41. Bxe4 Nxa4 42. Bxb7 Nb2 43. Kf3 Nd3 44. Bc6 Nxf2 45. Kxf2 Bxd4+ 46. Kf3 Kf6 47. Ke4 Bb6 1/2-1/2

[Event "34th ECC Open 2018"]
[White "Andreikin, Dmitry"]
[Black "Markgraf, Alexander"]
[Site "Porto Carras GRE"]
[Round "3.2"]
[Annotator ""]
[Result "1-0"]
[Date "2018.10.14"]
[WhiteElo "2723"]
[BlackElo "2502"]
[PlyCount "43"]

1. d4 f5 2. Bf4 Nf6 3. e3 d6 4. Nc3 g6 5. h4 h6 6. Qf3 c6 7. Bc4 d5 8. Bd3 Be6 9. h5 Nxh5 10. Rxh5 gxh5 11. Bxf5 Bf7 12. Qh3 Nd7 13. Nf3 Bg7 14. 0-0-0 e6 15. Bxe6 Bxe6 16. Qxe6+ Qe7 17. Qh3 Qf7 18. Ne2 0-0-0 19. Ng3 Rhg8 20. Nxh5 Bh8 21. Nh4 Qxh5 22. Nf5 1-0

[Event "34th ECC Open 2018"]
[White "Grigorian, Spartak"]
[Black "Jakovenko, Dmitry"]
[Site "Porto Carras GRE"]
[Round "3.2"]
[Annotator ""]
[Result "0-1"]
[Date "2018.10.14"]
[WhiteElo "2347"]
[BlackElo "2752"]
[PlyCount "50"]

1. d4 Nf6 2. Nf3 e6 3. g3 b5 4. e3 a6 5. Bg2 Bb7 6. Nbd2 c5 7. 0-0 d5 8. b3 b4 9. a3 Nbd7 10. Bb2 cxd4 11. Nxd4 Qc7 12. axb4 Bxb4 13. c3 Bc5 14. c4 0-0 15. cxd5 Bxd5 16. e4 Bb7 17. Qe2 a5 18. Nc4 Ba6 19. e5 Nd5 20. Bxd5 exd5 21. Nf5 dxc4 22. Rad1 c3 23. Qh5 Nxe5 24. Bxc3 Bxf2+ 25. Rxf2 Qxc3 0-1

[Event "34th ECC Open 2018"]
[White "Eljanov, Pavel"]
[Black "Meins, Gerlef"]
[Site "Porto Carras GRE"]
[Round "3.2"]
[Annotator ""]
[Result "1-0"]
[Date "2018.10.14"]
[WhiteElo "2703"]
[BlackElo "2408"]
[PlyCount "79"]

1. e4 c5 2. Nf3 Nc6 3. d4 cxd4 4. Nxd4 e5 5. Nb5 d6 6. c4 Be7 7. N1c3 a6 8. Na3 Be6 9. Nc2 Bg5 10. Bd3 Bxc1 11. Rxc1 Nf6 12. 0-0 0-0 13. Qd2 Rc8 14. Nd5 Bxd5 15. cxd5 Ne7 16. Ne3 Rxc1 17. Rxc1 Qb8 18. a4 Nd7 19. b4 Rc8 20. a5 Rxc1+ 21. Qxc1 Qc8 22. Qxc8+ Nxc8 23. g3 Kf8 24. Kg2 g6 25. f4 Ke7 26. h4 Na7 27. Kf3 Nb5 28. Bxb5 axb5 29. Nc2 Nb8 30. fxe5 dxe5 31. g4 Na6 32. g5 Kd6 33. Ke3 Ke7 34. Kd3 f6 35. Kc3 fxg5 36. hxg5 Nc7 37. Ne1 Ne8 38. Nd3 Nd6 39. Nc5 Kd8 40. Nxb7+ 1-0

[Event "34th ECC Open 2018"]
[White "Richter, Christian"]
[Black "Kryvoruchko, Yuriy"]
[Site "Porto Carras GRE"]
[Round "3.2"]
[Annotator ""]
[Result "0-1"]
[Date "2018.10.14"]
[WhiteElo "2356"]
[BlackElo "2697"]
[PlyCount "80"]

1. d4 Nf6 2. Nf3 e6 3. c4 b6 4. g3 Ba6 5. Qa4 Bb7 6. Bg2 c5 7. 0-0 cxd4 8. Nxd4 Bxg2 9. Kxg2 Be7 10. Nc3 0-0 11. Rd1 Qc7 12. Bg5 Rc8 13. Rac1 h6 14. Bxf6 Bxf6 15. Ncb5 Qb7+ 16. Kg1 Be7 17. Nf3 Rc6 18. Ne5 Rc5 19. Nd3 Rf5 20. Nf4 Nc6 21. Nd6 Bxd6 22. Rxd6 Rc8 23. Rcd1 Nb8 24. b3 Ra5 25. Qb4 Rxa2 26. Qc3 Ra5 27. f3 Qc7 28. Kg2 Qc5 29. b4 Qe5 30. Qb3 Ra1 31. Rxa1 Qxa1 32. Rd2 Qe5 33. Ra2 Nc6 34. Rd2 Qc7 35. c5 bxc5 36. bxc5 Rb8 37. Qc3 Qe5 38. Qa3 a5 39. Rxd7 g5 40. Qa4 Rc8 0-1

[Event "34th ECC Open 2018"]
[White "Blomqvist, Erik"]
[Black "Werle, Jan"]
[Site "Porto Carras GRE"]
[Round "4.9"]
[Annotator ""]
[Result "1/2-1/2"]
[Date "2018.10.15"]
[WhiteElo "2499"]
[BlackElo "2527"]
[PlyCount "80"]

1. Nf3 Nf6 2. g3 b6 3. Bg2 Bb7 4. 0-0 g6 5. c4 Bg7 6. d4 0-0 7. Re1 e6 8. Nc3 Ne4 9. Nxe4 Bxe4 10. Bg5 Qc8 11. Qd2 d6 12. Bh6 Nd7 13. Bxg7 Kxg7 14. d5 Bxf3 15. exf3 e5 16. f4 Qd8 17. Qc3 Kg8 18. fxe5 Nxe5 19. Bh3 g5 20. f4 Ng6 21. Re4 gxf4 22. gxf4 Qh4 23. Qg3 Qxg3+ 24. hxg3 Rfe8 25. Rxe8+ Rxe8 26. Kf2 a5 27. Bd7 Re7 28. Bf5 Kg7 29. Rh1 h6 30. a3 Re8 31. Bd7 Re7 32. Ba4 Nf8 33. b4 axb4 34. axb4 Nh7 35. Kf3 Nf6 36. g4 Ne4 37. Rh2 Nf6 38. Rh1 Ne4 39. Rh2 Nf6 40. Rh1 Ne4 1/2-1/2

[Event "34th ECC Open 2018"]
[White "Babula, Vlastimil"]
[Black "Salomon, Johan"]
[Site "Porto Carras GRE"]
[Round "4.9"]
[Annotator ""]
[Result "1-0"]
[Date "2018.10.15"]
[WhiteElo "2522"]
[BlackElo "2477"]
[PlyCount "95"]

1. d4 Nf6 2. c4 e6 3. Nc3 Bb4 4. e3 0-0 5. Nge2 Re8 6. a3 Bf8 7. Ng3 d5 8. Be2 b6 9. cxd5 exd5 10. 0-0 c5 11. dxc5 bxc5 12. Nh5 Nxh5 13. Bxh5 Ba6 14. Re1 Nc6 15. Bf3 Ne5 16. Bxd5 Rb8 17. e4 Qh4 18. h3 Rb6 19. Re3 Rg6 20. Ne2 Bxe2 21. Qxe2 c4 22. b4 Bd6 23. Bd2 Bc7 24. Bxc4 Bb6 25. Bd5 Bxe3 26. Qxe3 Nd7 27. Rc1 Nb6 28. Bc6 Rd8 29. Bb5 Rgd6 30. Bc3 Re6 31. f3 Nd5 32. Be1 Qf6 33. Qxa7 Nf4 34. Qc7 Red6 35. Bf1 h6 36. Kh2 Rd1 37. Bg3 g5 38. Bf2 Qb2 39. Rxd1 Rxd1 40. Bc4 Qf6 41. Be3 Ng6 42. b5 Ne5 43. b6 Nxf3+ 44. gxf3 Qxf3 45. Bxf7+ Qxf7 46. Qxf7+ Kxf7 47. Bc5 Ke6 48. b7 1-0

[Event "34th ECC Open 2018"]
[White "Djurhuus, Rune"]
[Black "Zumsande, Martin"]
[Site "Porto Carras GRE"]
[Round "4.9"]
[Annotator ""]
[Result "1-0"]
[Date "2018.10.15"]
[WhiteElo "2439"]
[BlackElo "2492"]
[PlyCount "93"]

1. e4 e6 2. d4 d5 3. Nd2 Be7 4. e5 c5 5. c3 Nc6 6. Bd3 Bd7 7. Ne2 cxd4 8. cxd4 Rc8 9. 0-0 Nh6 10. Nf3 Nf5 11. Bd2 Qb6 12. Bc3 g6 13. Qd2 h5 14. a3 Bf8 15. Bxf5 gxf5 16. h4 Bh6 17. Ng5 Qd8 18. f4 Ne7 19. Ng3 Ng6 20. Bb4 Bxg5 21. hxg5 h4 22. Nh1 h3 23. g3 h2+ 24. Kg2 Bb5 25. Rfc1 Kd7 26. Rxc8 Kxc8 27. Bd6 Bc6 28. b4 Bb5 29. a4 Bc4 30. b5 Kd7 31. Nf2 Rh7 32. Rh1 f6 33. Rxh2 Rxh2+ 34. Kxh2 fxg5 35. fxg5 b6 36. Kg2 Qh8 37. Ba3 Kc8 38. Qb4 Qd8 39. Nh3 Bd3 40. Qc3+ Bc4 41. Qb4 Bd3 42. Nf4 Qxg5 43. Nxg6 Qxg6 44. Qf8+ Kd7 45. Qe7+ Kc8 46. Bd6 Be4+ 47. Kf2 1-0

[Event "34th ECC Open 2018"]
[White "Grigorian, Spartak"]
[Black "Haug, Johannes"]
[Site "Porto Carras GRE"]
[Round "4.9"]
[Annotator ""]
[Result "0-1"]
[Date "2018.10.15"]
[WhiteElo "2347"]
[BlackElo "2391"]
[PlyCount "82"]

1. d4 Nf6 2. c4 e6 3. g3 d5 4. Bg2 Bb4+ 5. Nd2 0-0 6. Ngf3 b6 7. 0-0 Bb7 8. cxd5 exd5 9. Ne5 Be7 10. Ndf3 Ne4 11. Bf4 c5 12. Rc1 f6 13. Nd3 c4 14. Bxb8 Rxb8 15. Nf4 Qd6 16. Nd2 f5 17. Rc2 b5 18. Re1 Bc6 19. Nxe4 fxe4 20. f3 Rxf4 21. gxf4 e3 22. Bh3 Qxf4 23. Kg2 Qg5+ 24. Kh1 Qh6 25. Kg2 Bd6 26. Rh1 Re8 27. Bg4 Qg6 28. Kf1 h5 29. Bh3 Qf6 30. Qe1 Qxd4 31. Rg1 Qf6 32. Kg2 d4 33. Kh1 d3 34. exd3 Bxf3+ 35. Bg2 e2 36. dxc4 Qf4 37. Qg3 Qxg3 38. hxg3 e1=Q 39. Rxe1 Rxe1+ 40. Kh2 Bxg2 41. Kxg2 bxc4 0-1

[Event "34th ECC Open 2018"]
[White "Tryggestad, Andreas Garberg"]
[Black "Meins, Gerlef"]
[Site "Porto Carras GRE"]
[Round "4.9"]
[Annotator ""]
[Result "1/2-1/2"]
[Date "2018.10.15"]
[WhiteElo "2320"]
[BlackElo "2408"]
[PlyCount "106"]

1. d4 Nf6 2. c4 e6 3. Nf3 b6 4. g3 Bb7 5. Bg2 Bb4+ 6. Bd2 Be7 7. Nc3 c6 8. Rc1 0-0 9. 0-0 d5 10. cxd5 cxd5 11. Ne5 Nfd7 12. Nxd7 Qxd7 13. h4 h6 14. Bf4 Nc6 15. h5 Rfc8 16. Re1 Na5 17. e3 Nc4 18. Qe2 b5 19. Bf1 b4 20. Nb1 a5 21. b3 Nd6 22. Nd2 Ba6 23. Qg4 Bxf1 24. Kxf1 Nf5 25. Qe2 Rc3 26. Nb1 Rxc1 27. Rxc1 Rc8 28. Rc2 Bd6 29. Bxd6 Nxd6 30. Qd1 Ne4 31. Qc1 Rxc2 32. Qxc2 Qd8 33. Nd2 Nf6 34. Nf3 Nxh5 35. Ne5 Nf6 36. f3 Nd7 37. Nd3 g6 38. Qc6 Kg7 39. Qb7 h5 40. Nc5 Nxc5 41. dxc5 d4 42. c6 Qd5 43. e4 Qc5 44. c7 Qc1+ 45. Kg2 Qd2+ 46. Kg1 Qe3+ 47. Kg2 Qe2+ 48. Kg1 Qe1+ 49. Kg2 Qe2+ 50. Kg1 d3 51. c8=Q d2 52. Qxf7+ Kxf7 53. Qc7+ Ke8 1/2-1/2

[Event "34th ECC Open 2018"]
[White "Richter, Christian"]
[Black "Christenson, Flemming"]
[Site "Porto Carras GRE"]
[Round "4.9"]
[Annotator ""]
[Result "1/2-1/2"]
[Date "2018.10.15"]
[WhiteElo "2356"]
[BlackElo "2202"]
[PlyCount "122"]

1. d4 e6 2. Nf3 f5 3. c4 Nf6 4. g3 d5 5. Bg2 Bd6 6. 0-0 0-0 7. b3 b6 8. cxd5 exd5 9. Ba3 Qe7 10. Bxd6 cxd6 11. Nc3 Bb7 12. Rc1 Ne4 13. Ne1 Nd7 14. Nd3 Rac8 15. Nb1 g5 16. f3 Nef6 17. Qd2 h6 18. Rxc8 Rxc8 19. Bh3 Qe6 20. Re1 Nf8 21. Rc1 Ng6 22. Rxc8+ Qxc8 23. Nc3 Bc6 24. Nb4 Ne7 25. Nxc6 Qxc6 26. Qd3 Kg7 27. Kf2 h5 28. Ke1 Kf7 29. Kd2 Qc8 30. Nd1 g4 31. Bf1 Qh8 32. Qe3 h4 33. Qf4 hxg3 34. hxg3 Nh5 35. Qxd6 Qxd4+ 36. Kc2 Qg1 37. fxg4 Nxg3 38. gxf5 Nxf1 39. Qe6+ Kf8 40. f6 Qg6+ 41. Kb2 Nf5 42. Ka3 d4 43. Nf2 N1e3 44. Qc8+ Qe8 45. Qb7 Qb5 46. Ne4 Qd5 47. Qb8+ Kf7 48. Qc7+ Kg6 49. Qf4 Kf7 50. Qc7+ Ke6 51. f7 Qa5+ 52. Kb2 Nd1+ 53. Kc1 Qa3+ 54. Kxd1 Ne3+ 55. Ke1 Qa5+ 56. Nd2 Qf5 57. f8=N+ Qxf8 58. Nf3 Qc5 59. Qxc5 bxc5 60. Kd2 Kd5 61. Kd3 Ng2 1/2-1/2

[Event "34th ECC Open 2018"]
[White "Werle, Jan"]
[Black "Sprenger, Jan Michael"]
[Site "Porto Carras GRE"]
[Round "5.13"]
[Annotator ""]
[Result "0-1"]
[Date "2018.10.16"]
[WhiteElo "2527"]
[BlackElo "2486"]
[PlyCount "66"]

1. d4 Nf6 2. c4 e6 3. Nf3 b6 4. a3 Bb7 5. Bf4 c5 6. Nc3 cxd4 7. Nb5 d6 8. Qa4 Nc6 9. Nbxd4 Qd7 10. Nxc6 Bxc6 11. Qb3 e5 12. Be3 Be7 13. g3 0-0 14. Bg2 Rac8 15. 0-0 Ne4 16. a4 Nc5 17. Qa2 a5 18. b3 f5 19. Rad1 Qe6 20. Ne1 Bxg2 21. Nxg2 h5 22. Bxc5 bxc5 23. Ne3 f4 24. Nd5 Bg5 25. Kh1 fxg3 26. fxg3 Qh3 27. Qb1 h4 28. g4 Kh8 29. Rf5 g6 30. Rd3 Qxg4 31. Rf1 Qxe2 32. Rg1 Qe4+ 33. Rg2 Rf2 0-1

[Event "34th ECC Open 2018"]
[White "Abel, Dennes"]
[Black "Babula, Vlastimil"]
[Site "Porto Carras GRE"]
[Round "5.13"]
[Annotator ""]
[Result "0-1"]
[Date "2018.10.16"]
[WhiteElo "2476"]
[BlackElo "2522"]
[PlyCount "68"]

1. d4 Nf6 2. c4 e6 3. Nf3 b6 4. g3 Ba6 5. Qc2 Bb7 6. Bg2 c5 7. d5 exd5 8. cxd5 Nxd5 9. 0-0 Be7 10. Rd1 Nc6 11. a3 Nf6 12. e4 0-0 13. e5 Ne8 14. Nc3 Nc7 15. Ne4 Ne6 16. Be3 Qc7 17. Rd2 Rad8 18. Nd6 Bxd6 19. exd6 Qb8 20. Qc3 Rc8 21. h4 Rfe8 22. h5 Ncd4 23. Bxd4 cxd4 24. Qb4 Qa8 25. Nh4 Bxg2 26. Nxg2 h6 27. Nh4 Rc5 28. Qa4 Rxh5 29. Qxd7 Rd8 30. Qe7 Rd5 31. Rad1 R5xd6 32. Nf5 R6d7 33. Qh4 Ng5 34. Qg4 Nf3+ 0-1

[Event "34th ECC Open 2018"]
[White "Markgraf, Alexander"]
[Black "Baldauf, Marco"]
[Site "Porto Carras GRE"]
[Round "5.13"]
[Annotator ""]
[Result "1/2-1/2"]
[Date "2018.10.16"]
[WhiteElo "2502"]
[BlackElo "2472"]
[PlyCount "82"]

1. e4 c6 2. d4 d5 3. e5 Bf5 4. Nf3 e6 5. Be2 c5 6. Be3 Qb6 7. Nc3 Nc6 8. 0-0 Qxb2 9. Qe1 c4 10. Rb1 Qxc2 11. Rxb7 Rb8 12. Rxb8+ Nxb8 13. Bd1 Qb2 14. Ba4+ Kd8 15. Bc1 Qb7 16. Qe3 Nd7 17. Ne1 h5 18. Bd2 Ne7 19. h3 h4 20. Nf3 Ng6 21. Ng5 Nb6 22. Bd1 Ke8 23. Bg4 Bd3 24. Be2 Bxe2 25. Nxe2 Be7 26. g4 hxg3 27. fxg3 Bxg5 28. Qxg5 Rxh3 29. Bb4 Nc8 30. Qd2 Nce7 31. Bc5 Kf8 32. Qa5 Kg8 33. Kg2 Nc6 34. Qa3 Rh6 35. Nc3 Ncxe5 36. Rb1 Qc6 37. Qxa7 Kh7 38. Rb6 Qc8 39. Rb8 Qc6 40. Rb6 Qc8 41. Rb8 Qc6 1/2-1/2

[Event "34th ECC Open 2018"]
[White "Lauber, Arnd"]
[Black "Zumsande, Martin"]
[Site "Porto Carras GRE"]
[Round "5.13"]
[Annotator ""]
[Result "0-1"]
[Date "2018.10.16"]
[WhiteElo "2431"]
[BlackElo "2492"]
[PlyCount "62"]

1. Nf3 d5 2. g3 Nf6 3. Bg2 e6 4. 0-0 b5 5. d3 Be7 6. Nbd2 Bb7 7. e4 dxe4 8. Ng5 Nbd7 9. a4 b4 10. a5 Rb8 11. a6 Ba8 12. Ndxe4 Nxe4 13. Nxe4 0-0 14. Be3 c5 15. Qh5 Qc8 16. Ra5 f5 17. Nd2 Bxg2 18. Kxg2 Rb6 19. Rfa1 e5 20. f4 exf4 21. Bxf4 Re6 22. Qf3 g5 23. Be3 g4 24. Qf2 Qc6+ 25. Kg1 Bd8 26. R5a2 Rfe8 27. Re1 Bg5 28. Nc4 Ne5 29. Qxf5 Nf3+ 30. Kf2 Rf8 31. Qxc5 Bxe3+ 0-1